XXI International Congress : developing the profession in a developing world (Brighton, 19-25 July 1998). (Record no. 85433)

MARC details
000 -LEADER
fixed length control field 00543cam a2200193 4500
008 - FIXED-LENGTH DATA ELEMENTS--GENERAL INFORMATION
fixed length control field #DATE n1998 000 0 eng u
035 ## - SYSTEM CONTROL NUMBER
System control number (Sirsi) u123350
050 ## - LIBRARY OF CONGRESS CALL NUMBER
Classification number 526.9
110 ## - MAIN ENTRY--CORPORATE NAME
Corporate name or jurisdiction name as entry element Federation International Des Geometres
245 ## - TITLE STATEMENT
Title XXI International Congress : developing the profession in a developing world (Brighton, 19-25 July 1998).
260 ## - PUBLICATION, DISTRIBUTION, ETC.
Place of publication, distribution, etc. London
Name of publisher, distributor, etc. FIG
Date of publication, distribution, etc. 1998
300 ## - PHYSICAL DESCRIPTION
Extent 2 CD-ROMS
350 ## - PRICE (NR) (BK AM CF MU VM SE) [OBSOLETE]
Price 0
650 ## - SUBJECT ADDED ENTRY--TOPICAL TERM
Topical term or geographic name entry element CONFERENCES
650 ## - SUBJECT ADDED ENTRY--TOPICAL TERM
Topical term or geographic name entry element SURVEYORS
650 ## - SUBJECT ADDED ENTRY--TOPICAL TERM
Topical term or geographic name entry element CD-ROM
690 ## - LOCAL SUBJECT ADDED ENTRY--TOPICAL TERM (OCLC, RLIN)
Topical term or geographic name as entry element LAND SURVEYING
942 ## - ADDED ENTRY ELEMENTS (KOHA)
Suppress in OPAC 0
Holdings
Withdrawn status Lost status Source of classification or shelving scheme Damaged status Not for loan Home library Current library Shelving location Date acquired Total Checkouts Full call number Barcode Date last seen Copy number Price effective from Koha item type
    Dewey Decimal Classification     London London Enquiry desk 22/08/2003   CD-ROM BOX 123350-1001 06/08/2019 1 06/08/2019 Reference material
    Dewey Decimal Classification     London London Enquiry desk 22/08/2003   CD-ROM BOX 123350-1002 06/08/2019 2 06/08/2019 Reference material